Top 10 Songs by Joan Jett and the Blackhearts - Statistics

General Stats
  • This quiz has been taken 2 times
  • The average score is 5 of 10
Answer Stats
Hint Answer % Correct
4 Crimson and Clover
100%
3 I Hate Myself for Loving You
100%
1 I Love Rock n' Roll
100%
2 Bad Reputation
50%
7 Cherry Bomb (Re-recorded)
50%
8 Dirty Deeds
50%
5 Do You Wanna Touch Me (Oh Yeah)
50%
6 Fake Friends
0%
10 (I'm Gonna) Run Away
0%
9 Light of Day
0%
No matching quizzes found
Score Distribution
Percent of People with Each Score
Percentile by Number Answered
Your Score History
You have not taken this quiz